01083nam a22002417a 45000010005000000030006000050050017000110080041000280200018000690400029000870500013001160820011001291000023001402450048001632600044002113000048002554900016003035050008003195200426003275210020007535210020007736500048007935385FISKH20241129152103.0241129b cb ||||| |||| 00| 0 eng d a9780531213612 aFISKHbengcFISKHdFISKH aDS247.T8 a953.57 aBryan, Antonia D.  aUnited Arab Emirates /cby Antonia D. Bryan aNew York : bChildren's Press ;c2009 . a48 pages :bcolor illustrations ;c22 cm .  aA Ture Book aS  a- Clean new design for easy readability and comprehension- Updated text presented in a lively, continuous narrative- New center-spread sidebar feature presenting material in a fun, creative way- Excellent age-appropriate introduction to curriculum-relevant subjects- Important Words glossary clarifies subject-specific vocabulary- Resources section encourages independent study- Index makes navigating subject matter easy8 a790 bLexile 8 aS bRaz-Plus  aUnited Arab Emirates vJuvenile literature